LEADER 00963cam0 22002653 450 001 SOB021570 005 20210729092434.0 010 $a0333233026 100 $a03.09.25d1979 |||||ita|0103 ba 101 $aeng 102 $aUK 200 1 $a<>personal notebooks of Thomas Hardy$ewith an appendix including the unpublished passages in the original typescripts of The Life of Thomas Hardy$fEd., intr. and notes Richard H. Taylor 210 $aLondon$cMacMillan$d1979 215 $aXXXII, 302 p.$d22 cm 500 11$a<>personal [...]$3UF00002334$91670013 702 1$aTAYLOR, Richard_H.$3AF00023380$4070 801 0$aIT$bUNISOB$c20210729$gRICA 850 $aUNISOB 852 $aUNISOB$j820$m111636 912 $aSOB021570 940 $aM 102 Monografia moderna SBN 941 $aM 957 $a820$b002291$gSI$d111636$rdono Corrado$1Alfano$2UNISOB$3UNISOB$420150528141212.0$520150528141237.0$6Alfano 996 $aPersonal$91670013 997 $aUNISOB LEADER 01331nam 2200361Ia 450 001 996385903603316 005 20221108084548.0 035 $a(CKB)1000000000602845 035 $a(EEBO)2248564095 035 $a(OCoLC)12396384 035 $a(EXLCZ)991000000000602845 100 $a19850817d1651 uy | 101 0 $aeng 135 $aurbn||||a|bb| 200 14$aThe forme and order of the coronation of Charles the Second, King of Scotland, England, France, and Ireland$b[electronic resource] $eas it was acted and done at Scoone, the first day of January, 1651 210 $aAberdene $cImprinted by James Brown$d1651 215 $a24 p 300 $aAttributed to Robert Douglas. cf. NUC pre-1956. 300 $aReproduction of original in the Bodleian Library. 330 $aeebo-0014 606 $aSermons, English$y17th century 607 $aGreat Britain$xHistory$yCommonwealth and Protectorate, 1649-1660 607 $aScotland$xHistory$y1649-1660 615 0$aSermons, English 700 $aDouglas$b Robert$f1594-1674.$01005428 801 0$bEAA 801 1$bEAA 801 2$bm/c 801 2$bWaOLN 906 $aBOOK 912 $a996385903603316 996 $aThe forme and order of the coronation of Charles the Second, King of Scotland, England, France, and Ireland$92378565 997 $aUNISA